Départements français par photos de lieux - Statistiques

Statistiques générales
  • Ce quiz a été pris 346 fois
  • Le résultat moyen est 28 sur 101
Statistiques - réponses
Par images Réponse % Correct
Charente-Maritime
82%
Manche
74%
Puy-de-Dôme
74%
Alpes-Maritimes
69%
Aveyron
67%
Vienne
65%
Yvelines
62%
Hauts-de-Seine
61%
Haute-Savoie
59%
Pas-de-Calais
59%
Paris
58%
Territoire de Belfort
54%
Vendée
54%
Maine-et-Loire
52%
Haute-Garonne
51%
Indre-et-Loire
51%
Rhône
51%
Var
51%
Finistère
49%
Landes
49%
Meuse
49%
Nord
47%
Côte-d'Or
43%
Tarn
43%
Hautes-Pyrénées
42%
Corse-du-Sud
40%
Loir-et-Cher
40%
Martinique
40%
Haut-Rhin
38%
Ille-et-Vilaine
38%
Bas-Rhin
37%
Ardennes
36%
Gard
36%
Seine-Maritime
34%
Drôme
33%
Meurthe-et-Moselle
33%
Réunion
33%
Côtes-d'Armor
31%
Haute-Corse
31%
Guyane
29%
Loire-Atlantique
29%
Vaucluse
29%
Bouches-du-Rhône
27%
Guadeloupe
27%
Aude
26%
Haute-Vienne
26%
Haute-Loire
25%
Pyrénées-Orientales
25%
Seine-Saint-Denis
25%
Indre
24%
Mayotte
24%
Morbihan
24%
Pyrénées-Atlantiques
23%
Gironde
22%
Sarthe
22%
Dordogne
21%
Savoie
21%
Moselle
20%
Aube
19%
Cher
18%
Jura
18%
Val-de-Marne
18%
Essonne
17%
Lot
17%
Ardèche
16%
Corrèze
16%
Hautes-Alpes
16%
Alpes-de-Haute-Provence
15%
Marne
15%
Calvados
14%
Vosges
14%
Tarn-et-Garonne
13%
Cantal
12%
Isère
12%
Saône-et-Loire
12%
Ain
11%
Ariège
11%
Haute-Marne
11%
Eure
10%
Somme
10%
Eure-et-Loir
9%
Aisne
8%
Hérault
8%
Loiret
8%
Seine-et-Marne
8%
Doubs
7%
Mayenne
7%
Oise
7%
Gers
6%
Haute-Saône
6%
Lot-et-Garonne
6%
Lozère
6%
Nièvre
6%
Yonne
6%
Charente
5%
Deux-Sèvres
5%
Allier
4%
Creuse
4%
Loire
4%
Orne
3%
Val-d'Oise
2%
Aucun quiz correspondant
Distribution des résultats
% des personnes avec chaque résultat
Percentile par nombre de réponses
Votre historique - résultats
Vous n’avez pas pris ce quiz